| 000 | 01163cam a22003377a 4500 | ||
|---|---|---|---|
| 003 | CHAP | ||
| 005 | 20220817042435.0 | ||
| 008 | 971013s1966 r 00010 d | ||
| 010 | _a44788 | ||
| 011 | _a45760 | ||
| 035 | _a49899 | ||
| 040 | _cCHAP | ||
| 082 |
_a636.087 _bU53 |
||
| 100 | 0 | 0 |
_aUnderwood, Eric J. _9116139 |
| 245 | 1 | 4 | _aThe mineral nutrition of levestock |
| 260 |
_a(Aveerdeen : _bFAO), _c(1966) |
||
| 300 |
_a237 p. _b; mapa ; láms. |
||
| 590 |
_aBATCH-UPD _b10 _c20130110 _lUCH01 _h1547 |
||
| 590 |
_aBATCH-UPD _b10 _c20130410 _lUCH01 _h0946 |
||
| 590 |
_aBATCH-UPD _b10 _c20130914 _lUCH01 _h1845 |
||
| 590 |
_aCONVERSION _b10 _c20130109 _lUCH01 _h1325 |
||
| 650 | 1 | 4 |
_aAlimentos y alimentacion del ganado. _94326 |
| 650 | 1 | 4 |
_aAnimales _xElementos minerales. _95861 |
| 650 | 1 | 4 | _aNutrición animal. |
| 710 | 0 |
_aCommonwealth Agricultural Bureaux. _925960 |
|
| 901 | _aBK | ||
| 942 | _cLIBRO | ||
| 949 |
_a636.087 U53 _bBC _cLIBRO _d33724000275053 _eLIBRO _fc.2 _h47710 _i49899 _mD _si |
||
| 949 |
_a636.087 U53 _bBC _cLIBRO _d33724000275178 _eLIBRO _fc.3 _h47711 _i49899 _mD _si |
||
| 949 |
_a636.087 U53 _bBC _cLIBRO _d33724000275186 _eLIBRO _h37921 _i49899 _mD _si |
||
| 999 |
_c44788 _d44788 |
||